Operating system principles (Record no. 179707)

MARC details
000 -LEADER
fixed length control field 00455nam a2200169Ia 4500
005 - DATE AND TIME OF LATEST TRANSACTION
control field 20241217134020.0
008 - FIXED-LENGTH DATA ELEMENTS--GENERAL INFORMATION
fixed length control field 231217s9999 xx 000 0 und d
020 ## - INTERNATIONAL STANDARD BOOK NUMBER
International Standard Book Number 9788126509621
082 ## - DEWEY DECIMAL CLASSIFICATION NUMBER
Classification number 001.642 SIL1;17
100 ## - MAIN ENTRY--PERSONAL NAME
Personal name Silberschatz, Abraham. Galvin, Peter Baer. Gagne, Greg.
245 #0 - TITLE STATEMENT
Title Operating system principles
250 ## - EDITION STATEMENT
Edition statement 7th ed.
260 ## - PUBLICATION, DISTRIBUTION, ETC. (IMPRINT)
Date of publication, distribution, etc. 2006
Name of publisher, distributor, etc. John Wiley
Place of publication, distribution, etc. New Delhi
300 ## - PHYSICAL DESCRIPTION
Extent xxi+951
650 ## - SUBJECT ADDED ENTRY--TOPICAL TERM
Topical term or geographic name as entry element Operating
942 ## - ADDED ENTRY ELEMENTS (KOHA)
Koha item type Books
Holdings
Date last seen Total Checkouts Total Renewals Full call number Accession number Old discount Date checked out Cost, replacement price Price effective from Category Lost status Damaged status Department Withdrawn status bill no. bill date Permanent Location Current Location Shelving location Entry date Vendor Cost, normal purchase price Grants Currency symbol Conversion rate Discount Discount type
25/03/2025 1 2 001.642 SIL1;17 46822 28 30/01/2025 323.28 26/01/2024 Books     Central Library   43935 05/01/2009 Central Library Central Library Central Library 16/11/2007 Book Paradise 449.00 CS/PG RS 1 125.72 Rupees
26/01/2024     001.642 SIL1;18 46823 28   323.28 26/01/2024 Books     CS   43935 05/01/2009 Central Library Central Library CS 16/11/2007 Book Paradise 449.00 CS/PG RS 1 125.72 Rupees
26/01/2024     001.642 SIL1;19 46824 28   323.28 26/01/2024 Books     CS   43935 05/01/2009 Central Library Central Library CS 16/11/2007 Book Paradise 449.00 CS/PG RS 1 125.72 Rupees
26/01/2024     001.642 SIL1;20 46825 28   323.28 26/01/2024 Books     CS   43935 05/01/2009 Central Library Central Library CS 16/11/2007 Book Paradise 449.00 CS/PG RS 1 125.72 Rupees
26/01/2024     001.642 SIL1;21 46826 28   323.28 26/01/2024 Books     CS   43935 05/01/2009 Central Library Central Library CS 16/11/2007 Book Paradise 449.00 CS/PG RS 1 125.72 Rupees
26/01/2024     001.642 SIL1;22 46827 28   323.28 26/01/2024 Books     CS   43935 05/01/2009 Central Library Central Library CS 16/11/2007 Book Paradise 449.00 CS/PG RS 1 125.72 Rupees
26/01/2024     001.642 SIL1;23 46828 28   323.28 26/01/2024 Books     CS   43935 05/01/2009 Central Library Central Library CS 16/11/2007 Book Paradise 449.00 CS/PG RS 1 125.72 Rupees
26/01/2024     001.642 SIL1;24 46829 28   323.28 26/01/2024 Books     CS   43935 05/01/2009 Central Library Central Library CS 16/11/2007 Book Paradise 449.00 CS/PG RS 1 125.72 Rupees
26/01/2024     001.642 SIL1;26 46831 28   323.28 26/01/2024 Books     Central Library   43935 05/01/2009 Central Library Central Library Central Library 16/11/2007 Book Paradise 449.00 CS/PG RS 1 125.72 Rupees
14/02/2025 4 4 001.642 SIL1;25 46830 28 03/02/2025 323.28 26/01/2024 Books     Central Library   43935 05/01/2009 Central Library Lending Library Central Library 16/11/2007 Book Paradise 449.00 CS/PG RS 1 125.72 Rupees

© For any Suggestions or Query, please contact the library staff @ librarian@pes.edu or Phone: +9180 2672 1983/ 2108.